| 000 | 01063cam a22002774a 4500 | ||
|---|---|---|---|
| 999 |
_c328520 _d328520 |
||
| 001 | 12585616 | ||
| 003 | Nust | ||
| 005 | 20170410172531.0 | ||
| 008 | 011109s2002 enka b 001 0 eng | ||
| 010 | _a 2001056017 | ||
| 020 | _a978-81-317-2741-6 | ||
| 040 |
_aDLC _cASAB _dDLC |
||
| 042 | _apcc | ||
| 050 | 0 | 0 |
_aQH431 _b.S932 2002 |
| 082 | 0 | 0 |
_a611 _221 |
| 100 | 1 | _aSudbery, Peter. | |
| 245 | 1 | 0 |
_aHuman molecular genetics / _cPeter Sudbery. |
| 250 | _a2nd ed. | ||
| 260 |
_aHarlow, England ; _aNew York : _bPrentice Hall, _c2002. |
||
| 300 |
_axiv, 364 p. : _bill. (some col.) ; _c23 cm. |
||
| 440 | 0 | _aCell and molecular biology in action | |
| 504 | _aIncludes bibliographical references and index. | ||
| 650 | 0 | _aHuman genetics. | |
| 650 | 0 | _aMolecular genetics. | |
| 906 |
_a7 _bcbc _corignew _d1 _eocip _f20 _gy-gencatlg |
||
| 942 |
_2ddc _cBK |
||